[Event "FIDE Women World Blitz 2021"]
[Site "Warsaw"]
[Date "2021.12.30"]
[Round "17.7"]
[White "Buksa, Nataliya"]
[Black "Salimova, Nurgyul"]
[Result "1-0"]
[WhiteElo "2199"]
[BlackElo "2353"]
[Annotator "NA"]
[PlyCount "105"]
[EventDate "2021.12.29"]
[EventType "swiss"]
[EventCountry "POL"]
[Tiebreak "Cut1 Buchholz"]
[SourceTitle "playchess.com"]
[Source "ChessBase"]
[SourceQuality "1"]

1. d4 Nf6 2. Nc3 d5 3. Bf4 Bf5 4. e3 e6 5. Nf3 Bb4 6. Bd3 Nbd7 7. O-O O-O 8.
Ne2 Bxd3 9. cxd3 Bd6 10. Rc1 Re8 11. Qb3 Rb8 12. Bxd6 cxd6 13. Qa3 Qb6 14. Rc3
Rec8 15. Rfc1 Rxc3 16. Qxc3 Ne8 17. a3 Qd8 18. Qb4 Nb6 19. h3 Rc8 20. Rxc8 Qxc8
21. Nc3 Qc6 22. a4 Nc7 23. Nd2 h6 24. Nb3 e5 25. Na5 Qd7 26. dxe5 dxe5 27. d4
exd4 28. Qxd4 Ne6 29. Qg4 Qc7 30. Qb4 Qd7 31. Qb5 Qc7 32. h4 d4 33. exd4 Qf4
34. Nb3 Nxd4 35. Qe8+ Kh7 36. Nxd4 Qxd4 37. a5 Nc4 38. Qxf7 Nxb2 39. Qf5+ Kh8
40. Nd5 Nc4 41. Ne7 Qd1+ 42. Kh2 Qd6+ 43. g3 Qxe7 44. Qc8+ Kh7 45. Qxc4 Qe5 46.
Qd3+ Kh8 47. Qd2 Qc7 48. Qd5 Qe7 49. Kg2 b6 50. a6 Qa3 51. Qa8+ Kh7 52. Qxa7
Qc5 53. Qb7 1-0

[Event "FIDE Women World Blitz 2021"]
[Site "Warsaw"]
[Date "2021.12.30"]
[Round "17.7"]
[White "Jarocka, Liwia"]
[Black "Bartel, Marta"]
[Result "0-1"]
[WhiteElo "1851"]
[BlackElo "2192"]
[Annotator "NA"]
[PlyCount "94"]
[EventDate "2021.12.29"]
[EventType "swiss"]
[EventCountry "POL"]
[Tiebreak "Cut1 Buchholz"]
[SourceTitle "playchess.com"]
[Source "ChessBase"]
[SourceQuality "1"]

1. Nf3 Nf6 2. b3 g6 3. Bb2 Bg7 4. g3 d5 5. Bg2 O-O 6. O-O c5 7. d4 b6 8. c4
cxd4 9. Nxd4 Bb7 10. Nc3 e5 11. Nc2 e4 12. Rb1 dxc4 13. bxc4 Na6 14. Ne3 Nc5
15. Nb5 Qe7 16. Qd6 Rfe8 17. Rfd1 Qxd6 18. Nxd6 Re7 19. Nxb7 Rxb7 20. Ba3 Rc7
21. Bxc5 Rxc5 22. Rb5 Rcc8 23. g4 h6 24. h4 Rd8 25. Rxd8+ Rxd8 26. g5 hxg5 27.
hxg5 Nh5 28. Bxe4 Rd2 29. Bf3 Nf4 30. a3 Nxe2+ 31. Bxe2 Rxe2 32. c5 bxc5 33.
Rxc5 Bd4 34. Rc8+ Kg7 35. Ng4 Re4 36. Nh6 Rf4 37. Rc2 a5 38. Kg2 a4 39. Kg3 Re4
40. f3 Re3 41. Rc4 Be5+ 42. Kf2 Rxa3 43. Ng4 Bd6 44. Rc6 Be7 45. f4 Ra1 46. Ra6
a3 47. Ra7 Bc5+ 0-1

[Event "FIDE Women World Blitz 2021"]
[Site "Warsaw"]
[Date "2021.12.30"]
[Round "17.8"]
[White "Abdumalik, Zhansaya"]
[Black "Muzychuk, Anna"]
[Result "0-1"]
[WhiteElo "2507"]
[BlackElo "2533"]
[Annotator "ChessBase"]
[PlyCount "94"]
[EventDate "2021.12.29"]
[EventType "swiss"]
[EventCountry "POL"]
[Tiebreak "Cut1 Buchholz"]
[SourceTitle "playchess.com"]
[Source "ChessBase"]
[SourceQuality "1"]

1. e4 c5 2. Nf3 e6 3. d4 cxd4 4. Nxd4 Nf6 5. Nc3 Nc6 6. Nxc6 bxc6 7. e5 Nd5 8.
Ne4 Qc7 9. f4 Rb8 10. a3 Qb6 11. Qf3 Ba6 12. c4 f5 13. exf6 Nxf6 14. Nxf6+ gxf6
15. Qc3 Bc5 16. Qc2 Qb3 17. Qxb3 Rxb3 18. Be2 d5 19. Bd1 Rb8 20. cxd5 cxd5 21.
b4 Bd4 22. Ra2 Ke7 23. Be2 Rhc8 24. Bd2 Bc4 25. Bxc4 Rxc4 26. Rf1 Rbc8 27. Rf3
h5 28. Rh3 Rh8 29. Ke2 e5 30. fxe5 fxe5 31. b5 e4 32. a4 Rf8 33. Be1 Rf5 34. a5
Rc8 35. Rb3 Rb8 36. Bg3 Rb7 37. b6 axb6 38. a6 Ra7 39. Bb8 Ra8 40. Bg3 Bc5 41.
a7 d4 42. Ra6 Kd7 43. Ra1 Kc6 44. Bb8 d3+ 45. Kd2 Rf2+ 46. Kc1 Rf1+ 47. Kb2
Bd4+ 0-1

[Event "FIDE Women World Blitz 2021"]
[Site "Warsaw"]
[Date "2021.12.30"]
[Round "17.8"]
[White "Kolaric, Spela"]
[Black "Jakubowska, Anna"]
[Result "1-0"]
[WhiteElo "2178"]
[BlackElo "2106"]
[Annotator "NA"]
[PlyCount "88"]
[EventDate "2021.12.29"]
[EventType "swiss"]
[EventCountry "POL"]
[Tiebreak "Cut1 Buchholz"]
[SourceTitle "playchess.com"]
[Source "ChessBase"]
[SourceQuality "1"]

1. Nf3 d5 2. g3 Nf6 3. Bg2 c6 4. O-O Bf5 5. c4 e6 6. b3 Bd6 7. Bb2 Bxb1 8. Rxb1
O-O 9. d4 Nbd7 10. Rc1 Qe7 11. Re1 dxc4 12. bxc4 e5 13. d5 cxd5 14. cxd5 Bb4
15. Bc3 Bc5 16. Qb3 Ne4 17. e3 Nxc3 18. Rxc3 Bb4 19. Rec1 Bxc3 20. Qxc3 e4 21.
Nd2 Nf6 22. Qd4 Qa3 23. Rd1 Qxa2 24. Nxe4 Nxe4 25. Bxe4 Rfd8 26. d6 Rd7 27. Bf5
Rdd8 28. e4 a5 29. e5 a4 30. e6 fxe6 31. Bh3 Qb3 32. Re1 Kh8 33. Bxe6 Qb5 34.
Re5 Qb1+ 35. Kg2 Qg6 36. d7 a3 37. Bf5 Qf6 38. Qe4 g6 39. Re8+ Kg7 40. Re7+ Kh6
41. Qe3+ g5 42. Re6 Kg7 43. Rxf6 Kxf6 44. Qe6+ Kg7 1-0

[Event "FIDE Women World Blitz 2021"]
[Site "Warsaw"]
[Date "2021.12.30"]
[Round "17.9"]
[White "Paehtz, Elisabeth"]
[Black "Socko, Monika"]
[Result "1-0"]
[WhiteElo "2485"]
[BlackElo "2393"]
[Annotator "ChessBase"]
[PlyCount "129"]
[EventDate "2021.12.29"]
[EventType "swiss"]
[EventCountry "POL"]
[Tiebreak "Cut1 Buchholz"]
[SourceTitle "playchess.com"]
[Source "ChessBase"]
[SourceQuality "1"]

1. d4 e6 2. Bf4 d5 3. e3 Nf6 4. Nc3 Bd6 5. Nf3 c5 6. dxc5 Bxf4 7. exf4 Qc7 8.
Bb5+ Bd7 9. Qd4 O-O 10. O-O a5 11. Ne5 Nc6 12. Bxc6 Bxc6 13. Rfe1 Rfc8 14. Nd3
a4 15. a3 Qa5 16. Re3 Bb5 17. Nxb5 Qxb5 18. Rg3 Ne8 19. Re1 Ra6 20. f5 Qd7 21.
f6 e5 22. Rxe5 Nxf6 23. Nb4 Re6 24. Rxe6 Qxe6 25. Re3 Qf5 26. f3 Qg5 27. Nd3 h6
28. Re2 Nh5 29. Qxa4 Qg6 30. Qd4 Nf6 31. b4 Qg5 32. a4 h5 33. h4 Qf5 34. Qf4
Qd7 35. a5 Qa4 36. Kh2 Qa1 37. Qf5 Rd8 38. Nf4 Qd4 39. Nd3 Qxh4+ 40. Qh3 Qc4
41. Qg3 h4 42. Qf4 Qc3 43. Qg5 Qd4 44. Qf4 Qc3 45. Re5 Qxc2 46. Qd4 Qd2 47. Qe3
Qd1 48. Qe2 Qb1 49. Qd2 d4 50. Qe2 Qb3 51. Qd2 Qb1 52. Qe2 Qb3 53. Kh3 Qb1 54.
Kxh4 Qh1+ 55. Kg3 Nd5 56. Re8+ Rxe8 57. Qxe8+ Kh7 58. Qe4+ g6 59. Qxd5 Kg8 60.
Qxd4 Qf1 61. c6 bxc6 62. a6 Qb1 63. a7 Qa2 64. Qd8+ Kh7 65. a8=R 1-0

[Event "FIDE Women World Blitz 2021"]
[Site "Warsaw"]
[Date "2021.12.30"]
[Round "17.9"]
[White "Budkiewicz, Magdalena"]
[Black "Zabrzanska, Weronika"]
[Result "0-1"]
[WhiteElo "1624"]
[BlackElo "1596"]
[Annotator "NA"]
[PlyCount "113"]
[EventDate "2021.12.29"]
[EventType "swiss"]
[EventCountry "POL"]
[Tiebreak "Cut1 Buchholz"]
[SourceTitle "playchess.com"]
[Source "ChessBase"]
[SourceQuality "1"]

1. e4 e5 2. Nf3 Nc6 3. Bb5 a6 4. Ba4 Nf6 5. O-O b5 6. Bb3 Nxe4 7. Re1 d5 8. d3
Nf6 9. Nxe5 Nxe5 10. Rxe5+ Be6 11. Bg5 Bd6 12. Re1 O-O 13. Nc3 c6 14. Ne2 Bxh2+
15. Kxh2 Ng4+ 16. Kg1 Qxg5 17. Nd4 Qf6 18. Nf3 Rfe8 19. d4 Nh6 20. Ne5 Rac8 21.
c3 Qh4 22. Nf3 Qg4 23. Ne5 Qxd1 24. Raxd1 f6 25. Nd3 a5 26. Nc5 Kf7 27. Bc2 g6
28. Nb7 Ke7 29. Nxa5 Kd7 30. Nb7 Bf5 31. Nc5+ Kd6 32. Bxf5 Nxf5 33. a3 Ng7 34.
Kf1 Ne6 35. Nxe6 Rxe6 36. Rxe6+ Kxe6 37. Re1+ Kd6 38. Re3 Rd8 39. Ke2 Kd7 40.
Kd3 Kd6 41. Rh3 Rd7 42. Rf3 f5 43. Re3 Rd8 44. Re5 Rg8 45. Ke3 h6 46. f4 h5 47.
Kf3 Rh8 48. Kg3 h4+ 49. Kh3 Kd7 50. Kh2 Rh5 51. Kh3 Rh8 52. Kh2 Rh5 53. b3 Rh8
54. Kh3 Ra8 55. a4 bxa4 56. bxa4 Rxa4 57. Kxh4 0-1

[Event "FIDE Women World Blitz 2021"]
[Site "Warsaw"]
[Date "2021.12.30"]
[Round "17.10"]
[White "Bodnaruk, Anastasia"]
[Black "Babiy, Olga"]
[Result "1-0"]
[WhiteElo "2396"]
[BlackElo "2179"]
[Annotator "NA"]
[PlyCount "79"]
[EventDate "2021.12.29"]
[EventType "swiss"]
[EventCountry "POL"]
[Tiebreak "Cut1 Buchholz"]
[SourceTitle "playchess.com"]
[Source "ChessBase"]
[SourceQuality "1"]

1. e4 c6 2. d4 d5 3. e5 Bf5 4. Nf3 e6 5. Be2 Nd7 6. O-O a6 7. c3 c5 8. Be3 Nh6
9. h3 Bg6 10. Bxh6 gxh6 11. Nbd2 Rc8 12. Re1 Bg7 13. Rc1 O-O 14. Nb3 cxd4 15.
cxd4 Qb6 16. Qd2 Rfe8 17. Rxc8 Rxc8 18. Rc1 Rc6 19. Nh2 Bf8 20. Ng4 h5 21. Ne3
Bb4 22. Qd1 a5 23. Rxc6 bxc6 24. Bxh5 a4 25. Nc1 a3 26. bxa3 Bxa3 27. Nb3 c5
28. dxc5 Nxc5 29. Bxg6 hxg6 30. Ng4 Nd7 31. Qf3 Be7 32. Nh6+ Kg7 33. Qxf7+ Kxh6
34. Qxe7 Nxe5 35. Qf6 Nc4 36. Qh8+ Kg5 37. Nd4 Qb1+ 38. Kh2 Qe4 39. Nf3+ Kf5
40. Qf8# 1-0

[Event "FIDE Women World Blitz 2021"]
[Site "Warsaw"]
[Date "2021.12.30"]
[Round "17.10"]
[White "Heredia Serrano, Carla"]
[Black "Katkov, Michelle"]
[Result "0-1"]
[WhiteElo "2138"]
[BlackElo "1651"]
[Annotator "NA"]
[PlyCount "111"]
[EventDate "2021.12.29"]
[EventType "swiss"]
[EventCountry "POL"]
[Tiebreak "Cut1 Buchholz"]
[SourceTitle "playchess.com"]
[Source "ChessBase"]
[SourceQuality "1"]

1. e4 e5 2. Nf3 Nc6 3. Bc4 Bc5 4. b4 Bb6 5. a4 a6 6. Nc3 Nf6 7. O-O O-O 8. Ba3
d6 9. h3 Be6 10. d3 Bxc4 11. dxc4 Bd4 12. Nxd4 exd4 13. Ne2 Nxe4 14. Nxd4 Ne5
15. Qe2 Nc3 16. Qe1 Nxa4 17. c5 b5 18. Qe3 Nc4 19. Qg3 dxc5 20. bxc5 Nxa3 21.
Rxa3 Nxc5 22. Rf3 Qxd4 23. Qxc7 Ne6 24. Qb7 Qa7 25. Qe4 Qd4 26. Qb7 Nc5 27. Qb6
Qc4 28. Rg3 Ne4 29. Rg4 Qd5 30. Qh6 g6 31. Re1 Nf6 32. Rg5 Qd2 33. Re3 Rfe8 34.
Rf3 Qd1+ 35. Kh2 Qd6+ 36. g3 Re2 37. Kg2 Rae8 38. h4 Qc6 39. h5 Qe6 40. hxg6
fxg6 41. Rc5 Qe7 42. Rc6 Ng4 43. Qf4 Ne5 44. Rxa6 Nxf3 45. Qxf3 Re6 46. Qd5 Qf7
47. Rxe6 Qxe6 48. Qf3 Qe4 49. g4 Qxf3+ 50. Kxf3 Rc8 51. Ke4 Rxc2 52. f4 b4 53.
Kd3 Rc8 54. f5 gxf5 55. gxf5 b3 56. Kd4 0-1

[Event "FIDE Women World Blitz 2021"]
[Site "Warsaw"]
[Date "2021.12.30"]
[Round "17.11"]
[White "Kulon, Klaudia"]
[Black "Kashlinskaya, Alina"]
[Result "1-0"]
[WhiteElo "2328"]
[BlackElo "2482"]
[Annotator "ChessBase"]
[PlyCount "68"]
[EventDate "2021.12.29"]
[EventType "swiss"]
[EventCountry "POL"]
[Tiebreak "Cut1 Buchholz"]
[SourceTitle "playchess.com"]
[Source "ChessBase"]
[SourceQuality "1"]

1. d4 Nf6 2. Bg5 Ne4 3. h4 d5 4. Nd2 Nxg5 5. hxg5 e6 6. f4 c5 7. c3 Nc6 8. e3
Bd7 9. Ngf3 Qb6 10. Rb1 f6 11. gxf6 gxf6 12. Bd3 O-O-O 13. b4 c4 14. Be2 Qc7
15. a4 Ne7 16. Kf2 Ng6 17. Rh5 Bd6 18. Qh1 e5 19. dxe5 fxe5 20. f5 Ne7 21. g4
Bxa4 22. Rxh7 Rxh7 23. Qxh7 Bc2 24. Ra1 Qb6 25. Qf7 Nc6 26. g5 Qc7 27. Qxc7+
Kxc7 28. f6 Kd7 29. b5 Nb8 30. Rxa7 Ke6 31. Rxb7 Nd7 32. Nh4 Rh8 33. Bg4+ Kf7
34. Rxd7+ Kf8 1-0

[Event "FIDE Women World Blitz 2021"]
[Site "Warsaw"]
[Date "2021.12.30"]
[Round "17.11"]
[White "Strutinskaia, Galina"]
[Black "Da Silva, Cibele Florencio"]
[Result "1-0"]
[WhiteElo "2188"]
[BlackElo "1405"]
[Annotator "NA"]
[PlyCount "75"]
[EventDate "2021.12.29"]
[EventType "swiss"]
[EventCountry "POL"]
[Tiebreak "Cut1 Buchholz"]
[SourceTitle "playchess.com"]
[Source "ChessBase"]
[SourceQuality "1"]

1. c4 e5 2. Nf3 Nc6 3. Nc3 Nf6 4. a3 Bc5 5. b4 Bd6 6. d3 h6 7. e3 Be7 8. Qb3 d6
9. Bb2 Bg4 10. Be2 a6 11. Qc2 Qd7 12. Rc1 O-O 13. h3 Bxf3 14. Bxf3 Nh7 15. Nd5
Bf6 16. b5 Ne7 17. Nxf6+ Nxf6 18. Bxb7 Ra7 19. bxa6 Rb8 20. O-O Ng6 21. d4
Raxb7 22. axb7 Rxb7 23. Rfd1 e4 24. c5 d5 25. Bc3 Qe7 26. Qe2 Rb8 27. a4 Nd7
28. Rb1 Ra8 29. a5 Nb8 30. Rb7 Qd7 31. Rdb1 Kh7 32. Rxb8 Rxb8 33. Rxb8 Qc6 34.
Qb5 Qf6 35. a6 Qg5 36. Qd7 Nh4 37. Qg4 Qf6 38. a7 1-0

[Event "FIDE Women World Blitz 2021"]
[Site "Warsaw"]
[Date "2021.12.30"]
[Round "17.12"]
[White "Zatonskih, Anna"]
[Black "Mamedjarova, Turkan"]
[Result "1-0"]
[WhiteElo "2394"]
[BlackElo "2264"]
[Annotator "NA"]
[PlyCount "99"]
[EventDate "2021.12.29"]
[EventType "swiss"]
[EventCountry "POL"]
[Tiebreak "Cut1 Buchholz"]
[SourceTitle "playchess.com"]
[Source "ChessBase"]
[SourceQuality "1"]

1. d4 Nf6 2. c4 e6 3. Nc3 Bb4 4. Qc2 O-O 5. a3 Bxc3+ 6. Qxc3 d5 7. Bg5 c6 8.
Nf3 Nbd7 9. e3 h6 10. Bh4 Qe7 11. Bd3 Re8 12. O-O g5 13. Bg3 Nh5 14. c5 Nxg3
15. hxg3 f5 16. b4 g4 17. Ne5 Nxe5 18. dxe5 Bd7 19. Rfb1 Rac8 20. Qd4 Kg7 21.
Kf1 Rh8 22. Ke2 h5 23. Rh1 h4 24. gxh4 Rxh4 25. g3 Rxh1 26. Rxh1 Rh8 27. Rxh8
Kxh8 28. a4 Qh7 29. Qf4 Qh5 30. b5 Kh7 31. Qb4 Kg7 32. Qa5 Qh1 33. Qc7 Qf3+ 34.
Ke1 Qh1+ 35. Kd2 Qa1 36. Qxd7+ Kf8 37. Qd8+ Kg7 38. Qf6+ Kh7 39. Qxe6 Qb2+ 40.
Bc2 Qb4+ 41. Ke2 Qc4+ 42. Bd3 Qa2+ 43. Kf1 Qa1+ 44. Kg2 Qd1 45. Bxf5+ Kg7 46.
Qf6+ Kg8 47. Be6+ Kh7 48. Qh4+ Kg7 49. Qxg4+ Kh6 50. Qxd1 1-0

[Event "FIDE Women World Blitz 2021"]
[Site "Warsaw"]
[Date "2021.12.30"]
[Round "17.12"]
[White "Smietanska, Wiktoria"]
[Black "Brambilla, Renee Blandy T."]
[Result "1-0"]
[WhiteElo "1765"]
[BlackElo "1651"]
[Annotator "NA"]
[PlyCount "37"]
[EventDate "2021.12.29"]
[EventType "swiss"]
[EventCountry "POL"]
[Tiebreak "Cut1 Buchholz"]
[SourceTitle "playchess.com"]
[Source "ChessBase"]
[SourceQuality "1"]

1. c4 Nf6 2. Nc3 g6 3. g3 Bg7 4. Bg2 d6 5. e4 c6 6. Nge2 O-O 7. d3 e5 8. O-O
Nbd7 9. f4 exf4 10. Bxf4 Qb6+ 11. Kh1 Ne5 12. Qd2 Bg4 13. b3 a6 14. d4 Bxe2 15.
Nxe2 Neg4 16. h3 Nh6 17. Bxh6 Nxe4 18. Bxe4 Qxd4 19. Nxd4 1-0

[Event "FIDE Women World Blitz 2021"]
[Site "Warsaw"]
[Date "2021.12.30"]
[Round "17.13"]
[White "Gaponenko, Inna"]
[Black "Kovanova, Baira"]
[Result "1-0"]
[WhiteElo "2339"]
[BlackElo "2331"]
[Annotator "NA"]
[PlyCount "69"]
[EventDate "2021.12.29"]
[EventType "swiss"]
[EventCountry "POL"]
[Tiebreak "Cut1 Buchholz"]
[SourceTitle "playchess.com"]
[Source "ChessBase"]
[SourceQuality "1"]

1. e4 e5 2. Nf3 Nc6 3. Bb5 a6 4. Bxc6 dxc6 5. O-O f6 6. d4 exd4 7. Nxd4 c5 8.
Ne2 Qxd1 9. Rxd1 Bg4 10. f3 Bd7 11. Be3 O-O-O 12. Nbc3 Bd6 13. Bf4 Bc6 14. Bxd6
Rxd6 15. Nf4 Ne7 16. Rxd6 cxd6 17. Ne6 Bd7 18. Nxg7 h5 19. Nd5 Nxd5 20. exd5
Rh7 21. Ne6 Bxe6 22. dxe6 Kd8 23. Kf2 Ke7 24. Re1 f5 25. Ke3 Rg7 26. g3 h4 27.
Kf4 hxg3 28. hxg3 Kf6 29. e7 Rxe7 30. Rxe7 Kxe7 31. Kxf5 d5 32. Ke5 d4 33. Kd5
b6 34. b3 a5 35. a4 1-0

[Event "FIDE Women World Blitz 2021"]
[Site "Warsaw"]
[Date "2021.12.30"]
[Round "17.14"]
[White "Osmak, Yuliia"]
[Black "Injac, Teodora"]
[Result "0-1"]
[WhiteElo "2198"]
[BlackElo "2387"]
[Annotator "NA"]
[PlyCount "122"]
[EventDate "2021.12.29"]
[EventType "swiss"]
[EventCountry "POL"]
[Tiebreak "Cut1 Buchholz"]
[SourceTitle "playchess.com"]
[Source "ChessBase"]
[SourceQuality "1"]

1. c4 Nf6 2. Nc3 g6 3. e4 d6 4. d4 Bg7 5. Be2 O-O 6. Be3 c5 7. d5 e6 8. Nf3
exd5 9. cxd5 Bg4 10. Nd2 Bxe2 11. Qxe2 Na6 12. O-O Re8 13. f3 Nc7 14. a4 Nfxd5
15. Nxd5 Nxd5 16. Bf2 Bxb2 17. Rae1 Bg7 18. Qb5 Nb4 19. Rd1 a6 20. Qe2 Qe7 21.
Nc4 Rad8 22. Nb6 d5 23. Rc1 d4 24. Qc4 Bf8 25. a5 Qg5 26. Rfd1 h5 27. h3 h4 28.
Rb1 Qf4 29. Kf1 Bd6 30. Bxd4 cxd4 31. Rxb4 Bxb4 32. Nd5 Rxd5 33. Qxd5 Bc3 34.
Qxb7 Bxa5 35. Qxa6 Bc3 36. Qb5 Rb8 37. Qd7 Rb2 38. Qe8+ Kh7 39. e5 Rb6 40. Qc8
Re6 41. Qc4 Qxe5 42. Kg1 Qe3+ 43. Kh1 Qe2 44. Qb3 Kg7 45. Rg1 Qe3 46. Qc4 Qe5
47. Qd3 Qf4 48. Qc4 Re1 49. Rxe1 Bxe1 50. Qe2 Bd2 51. Qd3 Be3 52. Qc4 Qg3 53.
Qe2 Qf2 54. Qd1 Qd2 55. Qf1 d3 56. f4 Bd4 57. f5 gxf5 58. Kh2 Be5+ 59. Kh1 Qe2
60. Qg1 d2 61. g4 Qf3+ 0-1

[Event "FIDE Women World Blitz 2021"]
[Site "Warsaw"]
[Date "2021.12.30"]
[Round "17.15"]
[White "Muzychuk, Mariya"]
[Black "Majdan, Joanna"]
[Result "1-0"]
[WhiteElo "2536"]
[BlackElo "2325"]
[Annotator "ChessBase"]
[PlyCount "127"]
[EventDate "2021.12.29"]
[EventType "swiss"]
[EventCountry "POL"]
[Tiebreak "Cut1 Buchholz"]
[SourceTitle "playchess.com"]
[Source "ChessBase"]
[SourceQuality "1"]

1. d4 Nf6 2. c4 c5 3. d5 e6 4. Nc3 d6 5. e4 a6 6. Nf3 g6 7. Bd3 Bg7 8. O-O O-O
9. dxe6 Bxe6 10. Bf4 Nc6 11. Be2 Qb6 12. Rb1 Rad8 13. Nd5 Bxd5 14. exd5 Nd4 15.
Nxd4 cxd4 16. Qd3 Nd7 17. b4 Ne5 18. Qd2 Rc8 19. Rfc1 Rfe8 20. c5 dxc5 21. bxc5
Qd8 22. d6 Nd7 23. c6 Rxc6 24. Rxc6 bxc6 25. Bxa6 Ne5 26. Qb4 Bf8 27. Qxd4 Qxd6
28. Qxd6 Bxd6 29. Bxe5 Rxe5 30. g3 Ra5 31. Bc4 Ra4 32. Bb3 Ra7 33. Rd1 Bc5 34.
a4 Kg7 35. Rc1 Ra5 36. Kg2 Kf6 37. f4 Ke7 38. Kf3 f5 39. Re1+ Kd7 40. Rd1+ Ke7
41. h3 Bd6 42. Re1+ Kd7 43. g4 Rc5 44. Re3 fxg4+ 45. hxg4 Rc1 46. Be6+ Kc7 47.
f5 gxf5 48. gxf5 h5 49. Re4 Rf1+ 50. Ke3 Re1+ 51. Kf3 Rf1+ 52. Kg2 Rf4 53. Rxf4
Bxf4 54. f6 Kd6 55. f7 Bh6 56. a5 Kc5 57. a6 Kb6 58. Bc4 c5 59. Kg3 Ka7 60. Kh4
Bf8 61. Kxh5 Kb6 62. Kg6 Ka7 63. Kh7 Kb6 64. Kg8 1-0

[Event "FIDE Women World Blitz 2021"]
[Site "Warsaw"]
[Date "2021.12.30"]
[Round "17.16"]
[White "Berend, Elvira"]
[Black "Garifullina, Leya"]
[Result "1/2-1/2"]
[WhiteElo "2328"]
[BlackElo "2416"]
[Annotator "NA"]
[PlyCount "178"]
[EventDate "2021.12.29"]
[EventType "swiss"]
[EventCountry "POL"]
[Tiebreak "Cut1 Buchholz"]
[SourceTitle "playchess.com"]
[Source "ChessBase"]
[SourceQuality "1"]

1. d4 Nf6 2. Nf3 e6 3. c4 d5 4. g3 Be7 5. Bg2 O-O 6. O-O dxc4 7. Qc2 a6 8. Qxc4
b5 9. Qc2 Bb7 10. Rd1 Nbd7 11. a4 Be4 12. Qb3 Bd5 13. Qc2 b4 14. Nbd2 c5 15. e4
Bb7 16. e5 Nd5 17. dxc5 Rc8 18. Nb3 Nxc5 19. Nxc5 Rxc5 20. Qe2 Qc7 21. Bd2 a5
22. h4 h6 23. Rac1 Rc8 24. Rxc5 Bxc5 25. Nh2 Bd4 26. Bxh6 Qxe5 27. Qg4 Bxb2 28.
Nf3 Qf5 29. Qxf5 exf5 30. Bd2 Nc3 31. Re1 Ba3 32. Nd4 Ba6 33. Nxf5 Rd8 34. Be3
b3 35. Bb6 Rb8 36. Bxa5 b2 37. Bxc3 b1=Q 38. Rxb1 Rxb1+ 39. Kh2 Bc5 40. Bd4
Bxd4 41. Nxd4 Rb4 42. Nf5 Rxa4 43. Ne3 Ra2 44. Kg1 Ra1+ 45. Kh2 Bc8 46. Bd5 Ra6
47. Kg2 Be6 48. Be4 Ra4 49. Bc6 Ra3 50. Bf3 Rc3 51. Be4 g6 52. Bf3 Kg7 53. Be4
Ra3 54. Bf3 Ra4 55. Bd1 Rb4 56. Bf3 f5 57. Bc6 f4 58. gxf4 Rxf4 59. Kg3 Rf6 60.
Bf3 Rf8 61. Be4 Rf7 62. Bf3 Bb3 63. Be4 Re7 64. Bf3 Kf6 65. Bg2 Kg7 66. Bf3 Rf7
67. Bg2 Ra7 68. Bf3 Bf7 69. Be4 Ra4 70. Bf3 Rb4 71. Bg2 Kf6 72. Bf3 Be6 73. Bg2
g5 74. hxg5+ Kxg5 75. Bf3 Kf6 76. Bg2 Rb8 77. Bf3 Rg8+ 78. Kf4 Rb8 79. Kg3 Rb4
80. Bg2 Kg5 81. Bf3 Bf7 82. Be2 Rd4 83. Bf3 Rd8 84. Be2 Bh5 85. Bc4 Bg6 86. Bd5
Bf5 87. Bg2 Rb8 88. Bf3 Rb4 89. Bg2 Rb8 1/2-1/2

[Event "FIDE Women World Blitz 2021"]
[Site "Warsaw"]
[Date "2021.12.30"]
[Round "17.17"]
[White "Muetsch, Annmarie"]
[Black "Kiolbasa, Oliwia"]
[Result "1-0"]
[WhiteElo "2279"]
[BlackElo "2403"]
[Annotator "NA"]
[PlyCount "71"]
[EventDate "2021.12.29"]
[EventType "swiss"]
[EventCountry "POL"]
[Tiebreak "Cut1 Buchholz"]
[SourceTitle "playchess.com"]
[Source "ChessBase"]
[SourceQuality "1"]

1. Nf3 d5 2. d3 Nf6 3. Nbd2 e6 4. e4 c5 5. g3 Be7 6. Bg2 Nc6 7. O-O Qc7 8. Re1
b6 9. Nf1 Bb7 10. Bf4 Qd7 11. e5 Nh5 12. Bd2 g6 13. c3 Ng7 14. Ne3 g5 15. Ng4
h6 16. Nf6+ Bxf6 17. exf6 Nf5 18. Bh3 O-O-O 19. d4 cxd4 20. Bxf5 exf5 21. cxd4
Rde8 22. Qc2 Kb8 23. Bc3 Re6 24. b4 Rxf6 25. b5 Nd8 26. a4 Ne6 27. Ne5 Qc7 28.
Qd2 Rc8 29. Rac1 f4 30. Bb4 Qd8 31. a5 fxg3 32. hxg3 bxa5 33. Bxa5 Qe8 34. Qb4
Ng7 35. Nc6+ Rfxc6 36. bxc6 1-0

[Event "FIDE Women World Blitz 2021"]
[Site "Warsaw"]
[Date "2021.12.30"]
[Round "17.18"]
[White "Bivol, Alina"]
[Black "Danielian, Elina"]
[Result "1/2-1/2"]
[WhiteElo "2377"]
[BlackElo "2450"]
[Annotator "ChessBase"]
[PlyCount "100"]
[EventDate "2021.12.29"]
[EventType "swiss"]
[EventCountry "POL"]
[Tiebreak "Cut1 Buchholz"]
[SourceTitle "playchess.com"]
[Source "ChessBase"]
[SourceQuality "1"]

1. e4 c6 2. d4 d5 3. exd5 cxd5 4. Bd3 Nc6 5. c3 Nf6 6. Ne2 g6 7. O-O Bg7 8. Bf4
Bg4 9. Qe1 Qb6 10. b3 Bxe2 11. Qxe2 O-O 12. Nd2 Rac8 13. Nf3 e6 14. Rac1 a6 15.
Rfd1 Rfe8 16. Ne5 Nxe5 17. Bxe5 Nd7 18. Bxg7 Kxg7 19. h4 h5 20. g3 Qd6 21. c4
dxc4 22. bxc4 e5 23. d5 Nc5 24. Bb1 Rcd8 25. Qb2 Qf6 26. Re1 e4 27. Qa3 b6 28.
Bc2 Qd6 29. Rb1 Rb8 30. Qc3+ Qf6 31. Qa3 Qd6 32. Rbd1 f5 33. Qe3 Rbd8 34. a4 a5
35. Rb1 Rb8 36. Rb5 Na6 37. Rb2 Qf6 38. Reb1 Nb4 39. Rxb4 axb4 40. Rxb4 Rec8
41. Kg2 Qd6 42. Qd4+ Qf6 43. Qe3 Qe5 44. Rxb6 Rxb6 45. Qxb6 Rxc4 46. Bb3 Rc7
47. a5 e3 48. Qxe3 Qxe3 49. fxe3 Rc3 50. Bd1 Rc5 1/2-1/2

[Event "FIDE Women World Blitz 2021"]
[Site "Warsaw"]
[Date "2021.12.30"]
[Round "17.19"]
[White "Kamalidenova, Meruert"]
[Black "Michna, Marta"]
[Result "0-1"]
[WhiteElo "2339"]
[BlackElo "2312"]
[Annotator "NA"]
[PlyCount "138"]
[EventDate "2021.12.29"]
[EventType "swiss"]
[EventCountry "POL"]
[Tiebreak "Cut1 Buchholz"]
[SourceTitle "playchess.com"]
[Source "ChessBase"]
[SourceQuality "1"]

1. e4 e6 2. d4 d5 3. Nc3 Bb4 4. e5 c5 5. a3 Bxc3+ 6. bxc3 Nc6 7. h4 Qa5 8. Bd2
c4 9. h5 h6 10. f4 Nge7 11. Nf3 Bd7 12. g4 Qa4 13. Bh3 O-O-O 14. Nh4 f6 15. O-O
Rhf8 16. Be3 b6 17. Qd2 Kb7 18. exf6 gxf6 19. f5 exf5 20. gxf5 Ng8 21. Bg2 Bc8
22. Bf4 Nce7 23. Rae1 Ka6 24. Bg3 Qd7 25. a4 Nc6 26. Re6 Qg7 27. Re3 Rfe8 28.
Kh2 Rxe3 29. Qxe3 Nge7 30. a5 Nxa5 31. Bc7 Rg8 32. Rf2 Nxf5 33. Nxf5 Qxc7+ 34.
Ng3 Rg4 35. Rxf6 Qg7 36. Rf2 Rh4+ 37. Kg1 Qg4 38. Bxd5 Rxh5 39. Bg2 Rg5 40. Ne4
Rg6 41. Nd2 Bb7 42. Nf3 h5 43. Kf1 h4 44. Ke2 h3 45. Bh1 Re6 46. Kd2 Rxe3 47.
Kxe3 Bxf3 48. Bxf3 Qg3 49. Ke2 h2 50. Bh1 Qg1 51. Rf1 Qg4+ 52. Kd2 Qg5+ 53. Ke2
Qg6 54. Kd2 Nb7 55. Bf3 b5 56. d5 Nd6 57. Bh1 Kb6 58. Ke3 Qxc2 59. Kd4 Qe2 60.
Rf6 Kc7 61. Kc5 Qe7 62. Re6 Qf8 63. Kd4 a5 64. Re1 a4 65. Ra1 Qf2+ 66. Ke5 Qf5+
67. Kd4 Kb6 68. Re1 Qf2+ 69. Re3 Nf5+ 0-1